Herbarz szlachty kaszubskiej
| Titel: | Herbarz szlachty kaszubskiej / Przemysław Pragert |
|---|---|
| Teil: | tom 4 |
| Verfasser: | |
| Veröffentlicht: | Gdańsk : Wydawnictwo Oskar, 2015 |
| Umfang: | 545 Seiten : Illustrationen |
| Format: | Buch |
| Sprache: | Polnisch |
| Schriftenreihe/ mehrbändiges Werk: |
Herbarz szlachty kaszubskiej / Przemysław Pragert ; tom 4 alle Bände anzeigen
|
| ISBN: | 9788392738367 ; 9788365175144 |
| Lokale Klassifikation: | 33 4 D 101 ; 33 4 D ; 33 8 K 16 ; 33 13 L |
|---|
alg: 38038322 001A $03004:10-05-16 001B $01999:09-06-23 $t23:02:07.000 001C $03004:10-05-16 $t15:10:13.000 001D $03004:10-05-16 001U $0utf8 001X $00 002@ $0Afu 002C $aText $btxt $2rdacontent 002D $aohne Hilfsmittel zu benutzen $bn $2rdamedia 002E $aBand $bnc $2rdacarrier 003@ $0380383225 003O $0949265429 $aOCoLC 004A $A978-83-927383-6-7 004A $A978-83-65175-14-4 007A $0380383225 $aHEB 010@ $apol 010E $erda 011@ $a2015 028A $BVerfasser $4aut $7 $8Pragert, Przemysław [Tnd] $9220569770 033A $pGdańsk $nWydawnictwo Oskar 034D $a545 Seiten 034M $aIllustrationen 036C $aHerbarz szlachty kaszubskiej $x14 $hPrzemysław Pragert $ltom 4 036D $x14 $8Herbarz szlachty kaszubskiej / Przemysław Pragert $9190605081 045F $a929.094382 $eDDC23BSB 045F/01 $a929 045F/03 $g4382 045G $a306.094382 $eDDC23BSB 045G/01 $a306.09 045G/03 $g4382 lok: 38038322 24 101B $010-05-16 $t15:10:13.000 101C $010-05-16 101U $0utf8 145Z/01 $a33 4 D 101 145Z/02 $a33 4 D 145Z/03 $a33 8 K 16 145Z/04 $a33 13 L exp: 38038322 24 1 #EPN 201B/01 $010-05-16 $t15:11:09.000 201C/01 $010-05-16 201U/01 $0utf8 203@/01 $077378084X 208@/01 $a10-05-16 $bz 209A/01 $aL 424,11 : 4 $dd $f050 $hL 424 11 / B 4 $x00 209A/01 $a16.02828 $h16 02828 $x09 209C/01 $a16.02828 K $h16 02828 K 209G/01 $a73839211 $x00 209G/01 $aLesesaal $x01 220C/01 $awal 247C/01 $8358050-7Marburg, Bibliothek des Herder-Instituts Marburg $9102600961 lok: 38038322 78 exp: 38038322 78 1 #EPN 201B/01 $028-08-18 $t10:13:18.000 201C/01 $028-08-18 201U/01 $0utf8 203@/01 $0102678266X 208@/01 $a28-08-18 $be 209A/01 $a/ $f000 $x00 209A/01 $ab*p $x01 220C/01 $apgar 244Z/01 $#Generalgouvernement Polen $#Polska $#Rzeczpospolita Polska $#Polska Rzeczpospolita Ludowa $#Poland $#Pologne $#République Polonaise $#Generalne Gubernatorstwo w Polsce $#Polish People's Republic $#Polska Rzeczpospolita Polen $#PRL $#RP $#Polen Generalgouvernement $#Polska Generalgouvernement $#Besetzte Polnische Gebiete $#Besetztes Gebiet in Polen $#Okupowane Polskie Obszary $#Obszary Okupowane w Polsce $#Volksrepublik Polen $#Polska Rosyjska $#Republic Polen $#Respublika Pol'ša $#Pol'skaja Narodnaja Respublika $#République de Pologne $#Polen Links der Weichsel $#Polska po Lewej Stronie Wisły $#Lenkija $#Polija $#Gubernija Carstva Pol'skago $#Republik Polen $74046496-9 $8--Tg1--Polen $x01 $9085129801 244Z/01 $#Preußen $#Preußen $#Brandenburg-Preußen $#Königreich Preußen $#Preußische Staaten $#Preußischer Staat $#Der @Preußische Staat $#Königlich Preußische Staaten $#Prusy Królewskie $#Königlich Preußen $#Prussia $74047194-9 $8--Tg1--Preußen $x02 $9085131652 247C/01 $82080>Marburg/Lahn, Herder-Institut, Forschungsbibliothek, Bibliographieportal $9336309341
| LEADER | 00000cam a2200000 cc4500 | ||
|---|---|---|---|
| 001 | 380383225 | ||
| 003 | DE-603 | ||
| 005 | 20230609230207.0 | ||
| 007 | tu | ||
| 008 | 160510s2015 xx |||| | u00||u|pol c | ||
| 020 | |a 9788392738367 | ||
| 020 | |a 9788365175144 | ||
| 035 | |a (DE-599)HEB380383225 | ||
| 035 | |a (OCoLC)949265429 | ||
| 040 | |a DE-603 |b ger |c DE-603 |d DE-603 |e rda | ||
| 041 | |a pol | ||
| 082 | 0 | 4 | |8 1\u |a 929.094382 |q DE-101 |2 23/BSB |
| 083 | 0 | |8 2\u |a 306.094382 |q DE-101 |2 23/BSB | |
| 085 | |8 1\u |b 929 | ||
| 085 | |8 1\u |z 2 |s 4382 | ||
| 085 | |8 2\u |b 306.09 | ||
| 085 | |8 2\u |z 2 |s 4382 | ||
| 100 | 1 | |a Pragert, Przemysław |e Verfasser |4 aut |0 (DE-603)220569770 | |
| 245 | 0 | 0 | |a Herbarz szlachty kaszubskiej |n tom 4 |c Przemysław Pragert |
| 264 | 1 | |a Gdańsk |b Wydawnictwo Oskar |c 2015 | |
| 300 | |a 545 Seiten |b Illustrationen | ||
| 336 | |a Text |b txt |2 rdacontent | ||
| 337 | |a ohne Hilfsmittel zu benutzen |b n |2 rdamedia | ||
| 338 | |a Band |b nc |2 rdacarrier | ||
| 773 | 0 | 8 | |q 14 |w (DE-603)190605081 |
| 924 | 0 | |9 Mb 50 |a (DE-603)77378084X |b DE-Mb50 |c HES |d d |g L 424,11 : 4 |h Lesesaal |i 16.02828 | |
| 924 | 0 | |9 2080 |a (DE-603)102678266X |b DE-2080 |c HES |d d |g / | |
alle Bände anzeigen

